El devorador de hombres /

El devorador de hombres de Horacio Quiroga trata de la típica familia de tigres que vive en la selva de la India. Vivían bien, pero siempre alerta por si había cazadores.\Un día por la mañana, aparecieron unos hombres armados con fusiles, "¡eran cazadores!".\No se escuchaba nada, silencio absoluto....

Full description

Bibliographic Details
Main Author: Quiroga, Horacio 1878-1937
Other Authors: Roca, François (il.)
Format: Libro
Language:Spanish
Published: Barcelona Vicens Vives 2003
Edition:1a. ed., 2a. reimpr.
Series:Cucaña
Subjects:
Online Access:

MARC

LEADER 00000cam a2200000 a 4500
001 048979
003 UAHC_CL
005 20170803125405.0
008 110908s2003 sp a 000 1 spa
020 |a 8431672331 
040 |a UAHC_CL  |c UAHC_CL  |d UAHC_CL 
082 0 4 |a U863  |b Q8  |2 20 
100 1 |a Quiroga, Horacio  |d 1878-1937. 
245 1 3 |a El devorador de hombres /  |c Horacio Quiroga ; ilustraciones de François Roca. 
250 |a 1a. ed., 2a. reimpr. 
260 |b Vicens Vives  |a Barcelona  |c 2003 
300 |a 77 p.  |b il. col. 
490 0 |a Cucaña 
500 |a Incluye Actividades. 
520 |a El devorador de hombres de Horacio Quiroga trata de la típica familia de tigres que vive en la selva de la India. Vivían bien, pero siempre alerta por si había cazadores.\Un día por la mañana, aparecieron unos hombres armados con fusiles, "¡eran cazadores!".\No se escuchaba nada, silencio absoluto. Nani-Dan, el tigre de bengala más valiente que había en toda la India, se adelantó a los cazadores, estos se quedaron inmóviles al ver a aquel gran tigre. Entonces... 
650 4 |a CUENTOS INFANTILES URUGUAYOS 
650 4 |a FABULAS 
650 4 |a LITERATURA JUVENIL 
700 1 |a Roca, François  |e il. 
900 |a U863 QUID 
942 |c BK 
952 |0 0  |1 0  |4 0  |6 U_863_000000000000000_QUID  |7 0  |8 General  |9 87656  |a BC  |b BC  |c General  |d 2017-08-03  |l 0  |o U863 QUID  |p 1383819  |r 2025-11-26 00:00:00  |t 1  |w 2017-08-03  |y BK 
999 |c 48979  |d 48979